| 000 | 00432nam a2200145Ia 4500 | ||
|---|---|---|---|
| 008 | 220325s9999||||xx |||||||||||||| ||und|| | ||
| 020 | _a92-64-10374-0 | ||
| 084 | _a1128-0021 PAS Gov Bo | ||
| 100 | _aAndre Pascal | ||
| 245 | 0 | _aGovernance of Public Research: Toward Better Practices | |
| 260 |
_aParis _bOECD _c2003 |
||
| 300 | _ai-1 + 160 hlm | ||
| 650 |
_aGovernment (Pemerintahan) _eG-O-V _yToward Better Practices |
||
| 942 | _cBK | ||
| 999 |
_c18214 _d18214 |
||